[Event "Wohlen op 4th"]
[Site "Wohlen"]
[Date "2023.08.27"]
[Round "5"]
[White "Jud, Marc"]
[Black "Ranieri, Pierpaolo"]
[Result "1-0"]
[WhiteElo "1923"]
[BlackElo "1753"]
[PlyCount "99"]
[EventDate "2023.08.25"]
[EventType "swiss"]
[EventRounds "5"]
[EventCountry "SUI"]
[SourceTitle "EXT 2024"]
[Source "ChessBase"]
[SourceDate "2023.10.10"]
[SourceVersion "1"]
[SourceVersionDate "2023.10.10"]
[SourceQuality "1"]

1. e4 d5 2. exd5 Qxd5 3. Nc3 Qd8 4. Nf3 Nf6 5. Bc4 a6 6. a4 Nc6 7. d4 Bf5 8. 0-0 e6 9. h3 Be7 10. Be3 h6 11. Qe2 Nb4 12. Bb3 0-0 13. Ne5 Nfd5 14. Nxd5 Nxd5 15. c4 Nb4 16. Rfd1 c6 17. Rac1 Rc8 18. f4 f6 19. Nf3 Qa5 20. Bd2 Qc7 21. g4 Bg6 22. Qxe6+ Bf7 23. Qf5 g6 24. Qb1 Bd6 25. c5 Bxf4 26. Qxg6+ Kh8 27. Qxf6+ Kg8 28. Bxf4 Bxb3 29. Qxf8+ Rxf8 30. Bxc7 Bxd1 31. Ne5 Bxa4 32. Rc4 Nd5 33. Bd6 Bb5 34. Bxf8 Bxc4 35. Bxh6 Bb3 36. Bd2 Nc7 37. Kf2 Ne6 38. Ke3 Bd5 39. h4 Kg7 40. g5 Kh7 41. Kd3 Nc7 42. h5 Ba2 43. Kc2 Nb5 44. g6+ Kg8 45. Be3 Bd5 46. h6 Nc7 47. Bg5 Ne8 48. Kd2 Ba2 49. h7+ Kg7 50. Nf7 1-0

[Event "Lugano Paradiso op"]
[Site "Lugano"]
[Date "2023.05.28"]
[Round "4"]
[White "Jud, Marc"]
[Black "Wunderlin, Thomas"]
[Result "1-0"]
[WhiteElo "1881"]
[BlackElo "1776"]
[PlyCount "47"]
[EventDate "2023.05.26"]
[EventType "swiss"]
[EventRounds "5"]
[EventCountry "SUI"]
[SourceTitle "CBM 214 Extra"]
[Source "ChessBase"]
[SourceDate "2023.07.31"]
[SourceVersion "1"]
[SourceVersionDate "2023.07.31"]
[SourceQuality "1"]

1. e4 c5 2. Nf3 d6 3. d4 cxd4 4. Nxd4 Nf6 5. Nc3 a6 6. f3 e5 7. Nb3 Be6 8. Be3 Nbd7 9. Qd2 Rc8 10. 0-0-0 Be7 11. g4 0-0 12. h4 b5 13. g5 Nh5 14. Nd5 Bxd5 15. exd5 Ng3 16. Rg1 Nf5 17. Bf2 Nb6 18. Bh3 g6 19. Qd3 Nc4 20. Bxf5 gxf5 21. Qxf5 a5 22. Nd2 Qc7 23. Ne4 Kh8 24. Nf6 1-0

[Event "Wohlen op 3rd"]
[Site "Wohlen"]
[Date "2022.08.19"]
[Round "1"]
[White "Jud, Marc"]
[Black "Burri, Roland"]
[Result "1-0"]
[WhiteElo "1825"]
[BlackElo "1461"]
[PlyCount "63"]
[EventDate "2022.08.19"]
[EventType "swiss"]
[EventRounds "5"]
[EventCountry "SUI"]
[SourceTitle "CBM 210 Extra"]
[Source "ChessBase"]
[SourceDate "2022.11.30"]
[SourceVersion "1"]
[SourceVersionDate "2022.11.30"]
[SourceQuality "1"]

1. e4 e5 2. Nf3 Nc6 3. Bb5 a6 4. Ba4 b5 5. Bb3 Nf6 6. d3 Be7 7. 0-0 d6 8. c3 0-0 9. h3 h6 10. Be3 Nh7 11. Qc1 Kh8 12. Bd5 Bb7 13. Nbd2 Rb8 14. b4 Qd7 15. Qc2 Nd8 16. Bxb7 Nxb7 17. d4 Bf6 18. Nb3 Rfe8 19. d5 Qe7 20. Qd2 Ng5 21. Nxg5 Bxg5 22. Rac1 Rf8 23. Bxg5 Qxg5 24. Qxg5 hxg5 25. c4 f6 26. cxb5 axb5 27. Rxc7 Kg8 28. Rfc1 Rf7 29. Rxf7 Kxf7 30. Rc7+ Kg6 31. Kf1 Kh7 32. g4 1-0

[Event "Locarno op 7th"]
[Site "Locarno"]
[Date "2022.04.09"]
[Round "3"]
[White "Jud, Marc"]
[Black "Kummle, Thomas"]
[Result "1/2-1/2"]
[WhiteElo "1774"]
[BlackElo "2071"]
[PlyCount "41"]
[EventDate "2022.04.08"]
[EventType "swiss"]
[EventRounds "5"]
[EventCountry "SUI"]
[SourceTitle "CBM 207 Extra"]
[Source "ChessBase"]
[SourceDate "2022.05.31"]
[SourceVersion "1"]
[SourceVersionDate "2022.05.31"]
[SourceQuality "1"]

1. e4 c5 2. Nf3 e6 3. c4 a6 4. Nc3 Qc7 5. a3 b6 6. d4 cxd4 7. Nxd4 Bb7 8. Bd3 Nf6 9. 0-0 Nc6 10. Nxc6 Bxc6 11. Qe2 d6 12. f4 Be7 13. Be3 0-0 14. Rac1 Bb7 15. g4 Nd7 16. b4 Rac8 17. g5 Rfe8 18. Qh5 g6 19. Qg4 Bf8 20. Qe2 Bg7 21. Rc2 1/2-1/2

[Event "Basel op"]
[Site "Basel"]
[Date "2018.01.05"]
[Round "5"]
[White "Jud, Marc"]
[Black "Nyffenegger, Michael"]
[Result "1/2-1/2"]
[WhiteElo "2022"]
[BlackElo "2035"]
[PlyCount "31"]
[EventDate "2018.01.02"]
[EventType "swiss"]
[EventRounds "9"]
[EventCountry "SUI"]
[SourceTitle "CBM 182 Extra"]
[Source "ChessBase"]
[SourceDate "2018.02.23"]
[SourceVersion "1"]
[SourceVersionDate "2018.02.23"]
[SourceQuality "1"]

1. d4 Nf6 2. Nf3 e6 3. g3 d5 4. Bg2 Be7 5. 0-0 0-0 6. b3 b6 7. Bb2 Bb7 8. Ne5 c6 9. Nd2 Nbd7 10. Nxd7 Nxd7 11. c4 Rc8 12. Rc1 f5 13. f4 Nf6 14. e3 Ne4 15. Nxe4 dxe4 16. Qe2 1/2-1/2

[Event "Basel op"]
[Site "Basel"]
[Date "2018.01.03"]
[Round "2"]
[White "Petermann, Michail"]
[Black "Jud, Marc"]
[Result "1-0"]
[WhiteElo "2251"]
[BlackElo "2022"]
[PlyCount "127"]
[EventDate "2018.01.02"]
[EventType "swiss"]
[EventRounds "9"]
[EventCountry "SUI"]
[SourceTitle "CBM 182 Extra"]
[Source "ChessBase"]
[SourceDate "2018.02.23"]
[SourceVersion "1"]
[SourceVersionDate "2018.02.23"]
[SourceQuality "1"]

1. e4 c5 2. Nc3 d6 3. f4 e6 4. Nf3 Nf6 5. Bc4 Nc6 6. d3 Be7 7. 0-0 a6 8. a4 Qc7 9. Qe1 0-0 10. Qg3 Kh8 11. f5 Ne5 12. Nxe5 dxe5 13. fxe6 Bxe6 14. Bg5 Ng8 15. Be3 Nf6 16. Rf3 Nh5 17. Qf2 Nf6 18. Rf1 Ng4 19. Qe2 Nxe3 20. Qxe3 Qb6 21. b3 Rab8 22. Nd5 Qd8 23. Qf2 Kg8 24. Ne3 Bg5 25. Bxe6 fxe6 26. Rxf8+ Qxf8 27. Qxf8+ Rxf8 28. Nc4 Bf6 29. a5 Rd8 30. Rf3 Rd7 31. Kf1 Rd8 32. Ke2 Rd7 33. Rf1 Rf7 34. Rb1 Rc7 35. Kd1 Kf8 36. c3 Ke7 37. Kc2 Rd7 38. Rf1 Rc7 39. Rf3 Rd7 40. Rh3 h6 41. Rh5 Rc7 42. Kd2 Rd7 43. Nxe5 Bxe5 44. Rxe5 Rc7 45. Rh5 Kf6 46. Ke3 e5 47. Rf5+ Ke6 48. Rf8 Ke7 49. Rf1 Ke6 50. Rb1 Kf6 51. Kd2 Ke6 52. b4 cxb4 53. Rxb4 Rd7 54. Ke3 Rc7 55. Kd2 Rd7 56. d4 Kf7 57. d5 Re7 58. c4 Rc7 59. Kc3 Re7 60. c5 Rc7 61. Kc4 Re7 62. c6 bxc6 63. dxc6 Ke6 64. Rb7 1-0

[Event "Basel op"]
[Site "Basel"]
[Date "2014.01.01"]
[Round "1"]
[White "Bogdanovich, Grigory Grigorievic"]
[Black "Jud, Marc"]
[Result "1-0"]
[WhiteElo "2339"]
[BlackElo "2036"]
[PlyCount "63"]
[EventDate "2014.01.01"]
[EventType "swiss"]
[EventRounds "7"]
[EventCountry "SUI"]
[SourceTitle "CBM 158 Extra"]
[Source "ChessBase"]
[SourceDate "2014.02.28"]
[SourceVersion "1"]
[SourceVersionDate "2014.02.28"]
[SourceQuality "1"]

1. d4 Nf6 2. Nf3 g6 3. c4 Bg7 4. Nc3 d5 5. Bg5 c6 6. e3 0-0 7. Qb3 e6 8. Be2 h6 9. Bh4 g5 10. Bg3 Nh5 11. Be5 Nf6 12. h4 g4 13. Nd2 h5 14. f3 Nbd7 15. Bf4 Re8 16. e4 dxe4 17. fxg4 e5 18. Bg5 exd4 19. Ncxe4 Qc7 20. 0-0 Nxe4 21. Nxe4 Rxe4 22. Rxf7 Kxf7 23. c5+ Re6 24. Rf1+ Nf6 25. Bc4 hxg4 26. Qd3 Kg8 27. Bxf6 Kh8 28. Qg6 Bxf6 29. Rxf6 Qg7 30. Qh5+ Kg8 31. Qe8+ Kh7 32. Bd3+ 1-0

[Event "Verbandsliga Sued Baden 1213"]
[Site "Baden"]
[Date "2013.03.24"]
[Round "8.6"]
[White "Jud, Marc"]
[Black "Roesch, Mario"]
[Result "1/2-1/2"]
[WhiteElo "2023"]
[BlackElo "2022"]
[PlyCount "82"]
[EventDate "2012.10.21"]
[EventType "team-tourn"]
[EventRounds "9"]
[EventCountry "GER"]
[SourceTitle "EXT 2014"]
[Source "ChessBase"]
[SourceDate "2013.11.20"]
[SourceVersion "1"]
[SourceVersionDate "2013.11.20"]
[SourceQuality "1"]
[WhiteTeam "Horben"]
[BlackTeam "Oberwinden"]
[WhiteTeamCountry "GER"]
[BlackTeamCountry "GER"]

1. e4 e6 2. d4 d5 3. Nd2 Nc6 4. c3 e5 5. exd5 Qxd5 6. dxe5 Nxe5 7. Qe2 Be7 8. Ngf3 Nxf3+ 9. Nxf3 Bg4 10. Qb5+ Qxb5 11. Bxb5+ c6 12. Ne5 cxb5 13. Nxg4 Nf6 14. Nxf6+ Bxf6 15. 0-0 0-0 16. a3 Rfd8 17. Be3 a5 18. Rfd1 g6 19. Kf1 b4 20. axb4 axb4 21. Rxa8 Rxa8 22. cxb4 Rd8 23. Rxd8+ Bxd8 24. Ke2 Kf8 25. Kd3 Ke8 26. Kc4 Kd7 27. Kd5 Be7 28. Bc5 Bf6 29. b3 Bg7 30. b5 Bh6 31. Be3 Bg7 32. g4 Bf6 33. g5 Bg7 34. h4 Bf8 35. Bc5 Bg7 36. Bd4 Bf8 37. Be5 h6 38. f4 hxg5 39. hxg5 Be7 40. Bd4 Bf8 41. Bc5 Bg7 1/2-1/2

[Event "Verbandsliga Sued Baden 1213"]
[Site "Baden"]
[Date "2013.02.17"]
[Round "6.8"]
[White "Jud, Marc"]
[Black "Schneider, Dominik"]
[Result "1/2-1/2"]
[WhiteElo "2027"]
[BlackElo "2093"]
[PlyCount "107"]
[EventDate "2012.10.21"]
[EventType "team-tourn"]
[EventRounds "9"]
[EventCountry "GER"]
[SourceTitle "EXT 2014"]
[Source "ChessBase"]
[SourceDate "2013.11.20"]
[SourceVersion "1"]
[SourceVersionDate "2013.11.20"]
[SourceQuality "1"]
[WhiteTeam "Horben"]
[BlackTeam "Offenburg"]
[WhiteTeamCountry "GER"]
[BlackTeamCountry "GER"]

1. e4 g6 2. d4 Bg7 3. c4 d6 4. Nc3 Nf6 5. Be2 0-0 6. Nf3 e5 7. 0-0 Nc6 8. d5 Ne7 9. Ne1 Ne8 10. Be3 f5 11. f3 f4 12. Bf2 h5 13. b4 g5 14. c5 Rf6 15. Rc1 Rg6 16. Qc2 g4 17. Bh4 Bf6 18. Bxf6 Nxf6 19. Nb5 Rg7 20. cxd6 cxd6 21. Qc7 Qxc7 22. Nxc7 Rb8 23. Nb5 Ne8 24. Nxa7 Ra8 25. Nxc8 Nxc8 26. a4 g3 27. h3 Rc7 28. Rxc7 Nxc7 29. Nd3 Kf8 30. Rc1 Ne8 31. Nb2 Na7 32. Kf1 Ke7 33. Ke1 h4 34. Kd2 Kd8 35. b5 Nc8 36. Ra1 Nf6 37. a5 b6 38. a6 Nd7 39. Bc4 Nc5 40. Nd3 Nxd3 41. Bxd3 Na7 42. Rc1 Rc8 43. Rc6 Nxc6 44. dxc6 Rc7 45. Bc4 Ke7 46. Bg8 Kf6 47. Kc3 Rg7 48. Bd5 Rc7 49. Kb4 Ke7 50. Kc4 Kd8 51. Be6 Ra7 52. Kd5 Kc7 53. Bf5 Ra8 54. Be6 1/2-1/2

[Event "Verbandsliga Sued Baden 1213"]
[Site "Baden"]
[Date "2013.01.13"]
[Round "4.5"]
[White "Johne, Florian"]
[Black "Jud, Marc"]
[Result "1-0"]
[WhiteElo "1961"]
[BlackElo "2032"]
[PlyCount "125"]
[EventDate "2012.10.21"]
[EventType "team-tourn"]
[EventRounds "9"]
[EventCountry "GER"]
[SourceTitle "EXT 2014"]
[Source "ChessBase"]
[SourceDate "2013.11.20"]
[SourceVersion "1"]
[SourceVersionDate "2013.11.20"]
[SourceQuality "1"]
[WhiteTeam "Konstanz"]
[BlackTeam "Horben"]
[WhiteTeamCountry "GER"]
[BlackTeamCountry "GER"]

1. d4 Nf6 2. c4 g6 3. Nc3 d5 4. cxd5 Nxd5 5. e4 Nxc3 6. bxc3 Bg7 7. Bc4 0-0 8. Ne2 c5 9. 0-0 cxd4 10. cxd4 Nc6 11. Be3 Bg4 12. f3 Bd7 13. Qd2 Qa5 14. Qb2 b5 15. Bd3 Qb4 16. Rab1 Qxb2 17. Rxb2 a6 18. Rc1 Rac8 19. Rbc2 Nb4 20. Rxc8 Rxc8 21. Rxc8+ Bxc8 22. Bb1 Nc6 23. Kf2 e6 24. g4 Kf8 25. g5 Ke8 26. Ke1 Bf8 27. Bd2 Bb7 28. Bc3 Kd7 29. Kd2 Bd6 30. f4 Be7 31. Ke3 Bd6 32. h4 Ne7 33. Ng3 Bc7 34. Bd3 Bd6 35. h5 Bc6 36. h6 Bb7 37. Nf1 Bc6 38. Nh2 Bb7 39. Ng4 Ng8 40. f5 Be7 41. f6 Bd6 42. Nf2 Bf8 43. Ng4 Bd6 44. Ba5 Ba3 45. Ne5+ Ke8 46. Bc2 Bf8 47. Ng4 Bd6 48. Bb3 Bc8 49. Kf3 Ba3 50. Bd2 Bd6 51. Bf4 Bf8 52. d5 exd5 53. Bxd5 Bxg4+ 54. Kxg4 Bxh6 55. gxh6 Nxf6+ 56. Kf3 Nxd5 57. exd5 Kd7 58. Ke4 f6 59. Kd4 g5 60. Be3 Kd6 61. Bd2 g4 62. Bf4+ Kd7 63. Kc5 1-0

[Event "Basel Hilton op 15th"]
[Site "Basel"]
[Date "2013.01.04"]
[Round "6"]
[White "Wehrle, Uwe"]
[Black "Jud, Marc"]
[Result "1/2-1/2"]
[WhiteElo "2117"]
[BlackElo "2032"]
[PlyCount "26"]
[EventDate "2013.01.01"]
[EventType "swiss"]
[EventRounds "7"]
[EventCountry "SUI"]
[SourceTitle "CBM 152 Extra"]
[Source "ChessBase"]
[SourceDate "2013.02.25"]
[SourceVersion "1"]
[SourceVersionDate "2013.02.25"]
[SourceQuality "1"]

1. d4 Nf6 2. Nf3 g6 3. c4 Bg7 4. Nc3 d5 5. cxd5 Nxd5 6. e4 Nxc3 7. bxc3 c5 8. Be3 0-0 9. Be2 cxd4 10. Bxd4 Nc6 11. 0-0 Bg4 12. Bxg7 Qxd1 13. Rfxd1 Kxg7 1/2-1/2

[Event "Basel Hilton op 15th"]
[Site "Basel"]
[Date "2013.01.01"]
[Round "1"]
[White "Jud, Marc"]
[Black "Vulevic, Vjekoslav"]
[Result "0-1"]
[WhiteElo "2032"]
[BlackElo "2299"]
[PlyCount "126"]
[EventDate "2013.01.01"]
[EventType "swiss"]
[EventRounds "7"]
[EventCountry "SUI"]
[SourceTitle "CBM 152 Extra"]
[Source "ChessBase"]
[SourceDate "2013.02.25"]
[SourceVersion "1"]
[SourceVersionDate "2013.02.25"]
[SourceQuality "1"]

1. e4 g6 2. d4 Bg7 3. c4 d6 4. Nc3 Nd7 5. Nf3 e5 6. Be3 Ngf6 7. h3 0-0 8. dxe5 dxe5 9. Qd2 c6 10. Be2 Qe7 11. 0-0 Nc5 12. Qc2 Nh5 13. Rfd1 Nf4 14. Bf1 Nce6 15. Kh2 f5 16. Ne2 Nxe2 17. Bxe2 Nd4 18. Bxd4 exd4 19. exf5 Bxf5 20. Bd3 Bd7 21. Be4 Rae8 22. Re1 Qc5 23. Rad1 a5 24. b3 b6 25. Qd2 Rd8 26. Kg1 a4 27. Qg5 Qxg5 28. Nxg5 axb3 29. axb3 Ra8 30. Nf3 Ra2 31. Rd2 Rxd2 32. Nxd2 Ra8 33. Nf3 Ra2 34. Rd1 c5 35. Rb1 Bf8 36. Ne5 Be8 37. Nd3 Re2 38. f3 Bh6 39. Re1 Be3+ 40. Kh1 Ra2 41. b4 Bf7 42. bxc5 bxc5 43. Ne5 Bf2 44. Rc1 Bg3 45. Nd3 Bxc4 46. Nxc5 Kg7 47. Bb1 Rb2 48. Bd3 Bxd3 49. Nxd3 Rd2 50. Nc5 Re2 51. Rd1 h5 52. Ne4 Bf4 53. Kg1 Be3+ 54. Kf1 Rb2 55. Re1 h4 56. Rd1 g5 57. Re1 Kg6 58. Rd1 Kf5 59. Re1 Kf4 60. Rd1 g4 61. hxg4 h3 62. gxh3 Kxf3 63. Nc5 Rh2 0-1